A tét: megmaradni az élvonalban A kassai vasmü helyzete az acélpiacon

Podrobná bibliografia
Hlavný autor: (gazdag) (Autor)
Korporatívny autor: Východoslovenské železiarne (Košice, Slovensko) (Autor)
Médium: Článok
Jazyk:maďarčina
slovenčina
Predmet:

MARC

LEADER 00000nab a2200000 a 4500
001 vtls000924250
003 SK-MaSNL
005 20260319073755.0
008 040720e19960620xo 0 hun
035 |a KE33127 
040 |a KEVKJB  |b slo  |c KEVKJB  |e AACR2 
041 1 |h slo 
044 |a xo  |c SK 
080 |a 669.1  |2 1981 
100 0 |a (gazdag)  |4 aut  |9 880778 
245 1 0 |a A tét: megmaradni az élvonalban  |b A kassai vasmü helyzete az acélpiacon 
610 2 7 |a Východoslovenské železiarne (Košice, Slovensko)  |2 KEVKJB 
650 0 7 |a výrobky  |2 KEVKJB  |9 4992 
650 0 7 |a predaj  |2 KEVKJB  |9 13334 
651 7 |a Košice (Slovensko)  |2 KEVKJB  |9 18694 
651 7 |a KS,  |2 KEVKJB  |9 880381 
655 7 |a periodikum  |2 snkbucl  |9 29553 
710 2 |a Východoslovenské železiarne (Košice, Slovensko)  |4 aut 
773 0 8 |t Új Szó  |g Roč. 49  |g Roč. 28, č.143, 20.6.1996, s. 1,2 
852 |a ZVYKNI  |b KIS3GCP 
999 |c 1670393  |d 1672323